Loading...
| History - Other | 0 | 6 | 2 | 2 | 50 | 25 | 80.83 | 1 | 3 | 17.76 | 32.98 |
| Religion | 0 | 5 | 0 | 0 | 50 | 35 | 74.40 | 1 | 4 | 20.05 | 36.58 |
| Fine Arts - Other | 0 | 4 | 0 | 0 | 40 | 66 | 94.75 | 2 | 3 | 11.14 | 27.15 |
| Social Science | 0 | 3 | 0 | 1 | 30 | 25 | 71.33 | 1 | 2 | 11.19 | 18.10 |
| History - American | 0 | 3 | 0 | 2 | 30 | 117 | 122.00 | 0 | 1 | 0.98 | 9.69 |
| History - European | 0 | 3 | 0 | 1 | 30 | 82 | 101.00 | 1 | 2 | 5.99 | 16.82 |
| Literature - American | 0 | 3 | 0 | 0 | 30 | 102 | 123.33 | 0 | 0 | 3.92 | 7.85 |
| History - World | 0 | 3 | 1 | 0 | 25 | 59 | 68.33 | 0 | 1 | 11.57 | 10.30 |
| Fine Arts - Visual | 0 | 2 | 0 | 0 | 20 | 43 | 81.50 | 1 | 1 | 7.07 | 14.14 |
| Science - Biology | 0 | 2 | 0 | 0 | 20 | 61 | 62.00 | 1 | 2 | 9.27 | 17.27 |
| Literature - European | 0 | 2 | 0 | 1 | 20 | 131 | 138.00 | 0 | 0 | 0.52 | 7.50 |
| Philosophy | 0 | 1 | 0 | 0 | 10 | 91 | 91.00 | 0 | 0 | 2.73 | 4.55 |
| Fine Arts - Classical Music | 0 | 1 | 0 | 0 | 10 | 45 | 45.00 | 0 | 1 | 5.76 | 7.27 |
| Other Academic | 0 | 1 | 0 | 0 | 10 | 44 | 44.00 | 0 | 1 | 31.20 | 35.00 |
| Science - Other | 0 | 1 | 0 | 0 | 10 | 91 | 91.00 | 0 | 1 | 2.02 | 7.95 |
| Geography/Current Events | 0 | 0 | 1 | 0 | -5 | 0.00 | 0 | 0 | 0.00 | 0.00 |